[Event "Seniorsko prvenstvo Centralne "]
[Site "Vrnjacka Banja"]
[Date "2008.11.12"]
[Round "7.1"]
[White "Maksimovic, Branimir"]
[Black "Lajthajm, Borko"]
[Result "0-1"]
[WhiteElo "2418"]
[BlackElo "2498"]
[PlyCount "76"]
[EventDate "2008.11.08"]

1. e4 d6 2. d4 g6 3. Nf3 Bg7 4. Be2 c6 5. O-O Bg4 6. Be3 Nd7 7. Nbd2 Bxf3 8.
Bxf3 Bh6 9. Qe2 Bxe3 10. Qxe3 Qc7 11. Rfe1 e5 12. Rad1 Ngf6 13. Be2 Nb6 14.
dxe5 dxe5 15. Nc4 Nxc4 16. Bxc4 O-O 17. Rd2 a5 18. Red1 Rad8 19. Be2 Rxd2 20.
Rxd2 Rd8 21. Rxd8+ Qxd8 22. c3 Kg7 23. g3 Qd6 24. Kg2 Qe6 25. b3 Qd6 26. a4 Qa3
27. Bd1 b5 28. Qd3 b4 29. cxb4 Qxb4 30. f3 g5 31. Qe3 h6 32. Be2 Qe1 33. Qf2
Qb1 34. Bc4 g4 35. fxg4 Qxe4+ 36. Qf3 Qc2+ 37. Kh3 c5 38. Qe3 Qxh2+ 0-1

[Event "Seniorsko prvenstvo Centralne "]
[Site "Vrnjacka Banja"]
[Date "2008.11.12"]
[Round "7.2"]
[White "Sredojevic, Ivan"]
[Black "Rajkovic, Dusan"]
[Result "0-1"]
[WhiteElo "2396"]
[BlackElo "2474"]
[PlyCount "106"]
[EventDate "2008.11.08"]

1. e4 c5 2. Nf3 e6 3. d4 cxd4 4. Nxd4 Nc6 5. Nc3 Qc7 6. Be2 Nf6 7. O-O Be7 8.
Be3 a6 9. Kh1 O-O 10. f4 d6 11. Qe1 Nxd4 12. Bxd4 b5 13. a3 Bb7 14. Qg3 Rad8
15. Rae1 Rd7 16. Bd3 Re8 17. Qh3 g6 18. f5 e5 19. Be3 Qd8 20. fxg6 hxg6 21. Bb6
Qc8 22. Re2 Nh5 23. Be3 Rc7 24. Qxc8 Rexc8 25. Ref2 Bf8 26. Be2 Nf4 27. Bg4 Re8
28. g3 Ne6 29. Nd5 Bxd5 30. exd5 Ng7 31. Rf6 Rb8 32. c3 Ne8 33. R6f2 f5 34. Bd1
Nf6 35. g4 f4 36. Rg2 Nxd5 37. Bb3 Rc4 38. Bc1 Kf7 39. Rd1 Ke6 40. Re2 Rbc8 41.
Kg2 Be7 42. Kf3 g5 43. h3 Rh8 44. Kg2 Nb6 45. Bd2 d5 46. Bxc4 bxc4 47. Be1 e4
48. Rc2 Bd6 49. Bf2 f3+ 50. Kg1 Nd7 51. Rcd2 Nf6 52. h4 Bf4 53. hxg5 Bxd2 0-1

[Event "Seniorsko prvenstvo Centralne "]
[Site "Vrnjacka Banja"]
[Date "2008.11.12"]
[Round "7.3"]
[White "Antic, Dejan"]
[Black "Nadj Hedjesi, Balind"]
[Result "1-0"]
[WhiteElo "2489"]
[BlackElo "2296"]
[PlyCount "96"]
[EventDate "2008.11.08"]

1. d4 d6 2. Nf3 Bg4 3. c4 Bxf3 4. exf3 Nd7 5. Nc3 c5 6. d5 g6 7. Be2 Bg7 8. Bd2
Nh6 9. g4 e5 10. Ne4 Qe7 11. Qa4 O-O 12. h4 f6 13. Qc2 a6 14. h5 g5 15. Bd3
Rfb8 16. O-O b5 17. Ng3 Nf8 18. Rab1 b4 19. Be4 a5 20. b3 Ra7 21. a3 Rb6 22.
Ra1 Rba6 23. axb4 axb4 24. Rxa6 Rxa6 25. Bf5 Qa7 26. Qd3 Kh8 27. Kg2 Ng8 28.
Bc8 Ra3 29. Nf5 Qc7 30. Be6 h6 31. Bxg8 Kxg8 32. Re1 Ra7 33. Qe4 Qd7 34. f4
gxf4 35. Bxf4 exf4 36. Qxf4 Qd8 37. Re4 Rd7 38. Qe3 Kf7 39. Re6 Nh7 40. f4 Bf8
41. Qe4 Qb8 42. Nxh6+ Bxh6 43. Qxh7+ Bg7 44. g5 fxg5 45. fxg5 Qd8 46. Rf6+ Qxf6
47. gxf6 Kxf6 48. Qg6+ Ke5 1-0

[Event "Seniorsko prvenstvo Centralne "]
[Site "Vrnjacka Banja"]
[Date "2008.11.12"]
[Round "7.4"]
[White "Zivkovic, Ivan B"]
[Black "Tosic, Miroslav"]
[Result "1/2-1/2"]
[WhiteElo "2322"]
[BlackElo "2445"]
[PlyCount "69"]
[EventDate "2008.11.08"]

1. e4 c5 2. Nf3 e6 3. d4 cxd4 4. Nxd4 a6 5. Bd3 g6 6. c4 Bg7 7. Be3 d6 8. O-O
Nf6 9. Nc3 O-O 10. Rc1 Nbd7 11. b4 Re8 12. Nb3 d5 13. exd5 exd5 14. Nxd5 Nxd5
15. cxd5 Nf6 16. Bc4 Bg4 17. Be2 Bxe2 18. Qxe2 Qxd5 19. Rfd1 Qe4 20. Rc4 Qe7
21. h3 Rad8 22. Rxd8 Rxd8 23. Qf3 Nd5 24. Re4 Qd6 25. Bc5 Qd7 26. Bd4 f5 27.
Re1 Nf6 28. Bxf6 Bxf6 29. Nc5 Qd2 30. Qb3+ Kh8 31. Rf1 Qd5 32. Qxd5 Rxd5 33.
Nxb7 Rb5 34. Nc5 Rxb4 35. Nxa6 1/2-1/2

[Event "Seniorsko prvenstvo Centralne "]
[Site "Vrnjacka Banja"]
[Date "2008.11.12"]
[Round "7.5"]
[White "Stanojevic, Branko"]
[Black "Abramovic, Bosko"]
[Result "1/2-1/2"]
[WhiteElo "2275"]
[BlackElo "2484"]
[PlyCount "39"]
[EventDate "2008.11.08"]

1. d4 Nf6 2. c4 e6 3. Nc3 Bb4 4. Qc2 d6 5. Bg5 Nbd7 6. a3 Bxc3+ 7. Qxc3 b6 8.
f3 Bb7 9. e3 Qe7 10. Bd3 Rc8 11. Ne2 c5 12. b4 O-O 13. O-O Rfe8 14. Rfe1 Qf8
15. Qb3 h6 16. Bh4 Bc6 17. Nc3 d5 18. Rad1 a5 19. dxc5 bxc5 20. b5 1/2-1/2

[Event "Seniorsko prvenstvo Centralne "]
[Site "Vrnjacka Banja"]
[Date "2008.11.12"]
[Round "7.6"]
[White "Tasic, Zoran"]
[Black "Arsovic, Goran"]
[Result "0-1"]
[WhiteElo "2159"]
[BlackElo "2432"]
[PlyCount "120"]
[EventDate "2008.11.08"]

1. d4 Nf6 2. c4 g6 3. Nc3 d5 4. Nf3 Bg7 5. Qb3 dxc4 6. Qxc4 O-O 7. Bf4 c6 8. a4
Be6 9. Qd3 c5 10. e4 cxd4 11. Nxd4 Bd7 12. Be2 Nc6 13. Nxc6 Bxc6 14. Qxd8 Rfxd8
15. f3 Nd7 16. Bg5 Kf8 17. O-O Nc5 18. a5 Nd3 19. Bxd3 Rxd3 20. Rfd1 Rad8 21.
Rxd3 Rxd3 22. Rd1 Rxd1+ 23. Nxd1 f5 24. exf5 gxf5 25. Be3 a6 26. Kf2 Kf7 27.
Nc3 Be5 28. f4 Bc7 29. b4 Bd6 30. Na2 Bd5 31. Nc3 Bc4 32. Na4 Bxb4 33. Bb6 Bd5
34. Nc5 Bc3 35. Nd7 Bd2 36. g3 Bc6 37. Ne5+ Ke6 38. Ke2 Bc3 39. Ke3 Kd5 40. Nf7
Be8 41. Ng5 h6 42. Nf3 Kc4 43. Bd8 e6 44. Bb6 Bc6 45. Nd4 Bd5 46. h3 h5 47. Ne2
Kb3 48. Nd4+ Ka4 49. Nc2 Bxa5 50. Bxa5 Kxa5 51. Kd4 Bg2 52. Ne3 Bxh3 53. Ke5 b5
54. Kxe6 b4 55. Kd5 b3 56. Kd4 Kb4 57. Kd3 Ka3 58. Kc3 Ka2 59. Nc4 Bf1 60. Nb2
Be2 0-1

[Event "Seniorsko prvenstvo Centralne "]
[Site "Vrnjacka Banja"]
[Date "2008.11.12"]
[Round "7.7"]
[White "Novoselski, Zoran"]
[Black "Damjanovic, Dragan"]
[Result "1-0"]
[WhiteElo "2388"]
[BlackElo "2229"]
[PlyCount "115"]
[EventDate "2008.11.08"]

1. e4 c5 2. Nf3 Nc6 3. Nc3 e6 4. Bb5 Nd4 5. Bd3 Nxf3+ 6. Qxf3 d6 7. Qg3 a6 8.
O-O g6 9. Be2 Bg7 10. d3 Ne7 11. Bf4 e5 12. Bg5 f6 13. Be3 O-O 14. f4 b6 15. f5
d5 16. Nd1 d4 17. Bd2 Ra7 18. Bg4 gxf5 19. exf5 Kh8 20. Qh4 Bb7 21. Nf2 Qa8 22.
Bh3 Bd5 23. Ne4 Qc6 24. b3 Nc8 25. Rf3 Nd6 26. Bg4 Nxe4 27. dxe4 Bg8 28. Bh5
Rc8 29. Bg6 Bf8 30. Rh3 Rcc7 31. Re1 c4 32. g4 cxb3 33. cxb3 d3 34. Rxd3 Rd7
35. Be8 Qc5+ 36. Be3 Rxd3 37. Bxc5 Bxc5+ 38. Kh1 Be7 39. Qh6 Rd8 40. Bc6 Rc7
41. Bd5 Rxd5 42. exd5 Bxd5+ 43. Kg1 Rc2 44. Re3 Rg2+ 45. Kf1 Rxg4 46. Rg3 Rg8
47. Qd2 Bc6 48. a4 a5 49. Qd1 Rxg3 50. hxg3 Kg7 51. Qg4+ Kf8 52. Qc4 Bd7 53. g4
Bc5 54. Qd5 Be8 55. Qe6 Bf7 56. Qxf6 Bd4 57. g5 Ke8 58. Qh8+ 1-0

[Event "Seniorsko prvenstvo Centralne "]
[Site "Vrnjacka Banja"]
[Date "2008.11.12"]
[Round "7.9"]
[White "Nikolic, Stanimir"]
[Black "Zlatanovic, Zoran"]
[Result "1-0"]
[WhiteElo "2291"]
[BlackElo "2169"]
[PlyCount "152"]
[EventDate "2008.11.08"]

1. d4 Nf6 2. Nf3 e6 3. c4 Bb4+ 4. Nc3 c5 5. e3 Bxc3+ 6. bxc3 d6 7. a4 Qa5 8.
Bd2 Nc6 9. Bd3 O-O 10. O-O Qd8 11. Qc2 h6 12. e4 e5 13. h3 b6 14. Qb2 Ba6 15.
Be3 Na5 16. Qe2 Re8 17. Nd2 Rc8 18. d5 Nd7 19. g3 Nf8 20. Kh2 Rc7 21. f4 f6 22.
Rg1 Nh7 23. f5 Kf8 24. h4 Ke7 25. Qh5 Rh8 26. Rg2 Bc8 27. Rag1 Bd7 28. Qg6 Qg8
29. Bc2 Nf8 30. Qh5 Be8 31. Qe2 Kd8 32. Nb3 Nxb3 33. Bxb3 a5 34. g4 g5 35. fxg6
Nxg6 36. Qf2 Qg7 37. Bd1 Rf7 38. Rh1 Nf8 39. Kg1 Bd7 40. Qb2 Kc7 41. Qb3 Ng6
42. Qb2 Qh7 43. Qe2 Re7 44. Rf2 Qg7 45. Kf1 Bc8 46. Ke1 Ba6 47. Kd2 Rf7 48. Kc2
Ne7 49. Kb3 Qg6 50. Qf3 Bc8 51. Rff1 Rg8 52. Rhg1 h5 53. g5 f5 54. Qxh5 Qxh5
55. Bxh5 Rh7 56. Bd1 Rxh4 57. exf5 Nxf5 58. Bd2 Rh3 59. Bg4 Nd4+ 60. Kb2 Bxg4
61. Rxg4 Rh2 62. cxd4 Rxd2+ 63. Kc3 Rxd4 64. Rf7+ Kd8 65. Rg3 Rf4 66. Rb7 Kc8
67. Rxb6 e4 68. Rxd6 Rgf8 69. g6 Rf3+ 70. Rxf3 Rxf3+ 71. Kd2 Rg3 72. Rc6+ Kd7
73. Rxc5 Kd6 74. Rc6+ Ke5 75. Re6+ Kd4 76. d6 Kc5 1-0

[Event "Seniorsko prvenstvo Centralne "]
[Site "Vrnjacka Banja"]
[Date "2008.11.12"]
[Round "7.10"]
[White "Arsovic, Zoran"]
[Black "Misailovic, Nebojsa"]
[Result "1-0"]
[WhiteElo "2480"]
[BlackElo "2267"]
[PlyCount "61"]
[EventDate "2008.11.08"]

1. Nf3 Nf6 2. c4 g6 3. Nc3 d5 4. cxd5 Nxd5 5. Qa4+ Bd7 6. Qh4 Nxc3 7. bxc3 Bg7
8. Rb1 Nc6 9. d4 e5 10. Bg5 f6 11. Bh6 O-O 12. e4 Qe7 13. Bc4+ Kh8 14. O-O Rad8
15. Rfe1 b6 16. h3 Be8 17. Bd5 Bxh6 18. Qxh6 exd4 19. cxd4 Nb4 20. Bb3 c5 21.
dxc5 Nd3 22. Red1 Bc6 23. cxb6 Bxe4 24. bxa7 Qxa7 25. Qe3 Qa8 26. Ne1 Nxe1 27.
Rxd8 Rxd8 28. Rxe1 Bxg2 29. Qe7 Rf8 30. Bf7 Rxf7 31. Qxf7 1-0

[Event "Seniorsko prvenstvo Centralne "]
[Site "Vrnjacka Banja"]
[Date "2008.11.12"]
[Round "7.12"]
[White "Ostojic, Nikola"]
[Black "Gavrilovic, Leonardo"]
[Result "0-1"]
[WhiteElo "2398"]
[BlackElo "2188"]
[PlyCount "68"]
[EventDate "2008.11.08"]

1. d4 Nf6 2. c4 e6 3. Nf3 b6 4. g3 Bb7 5. Bg2 Be7 6. Nc3 O-O 7. Qc2 d5 8. cxd5
exd5 9. O-O c5 10. Rd1 Nc6 11. Bg5 Nb4 12. Qb1 Ne4 13. Nxe4 dxe4 14. dxc5 Qe8
15. Bxe7 Qxe7 16. Nd4 bxc5 17. Nf5 Qe5 18. Nd6 Ba6 19. Qxe4 Qxb2 20. a3 Na2 21.
Qe7 Rab8 22. Bd5 Nc3 23. Bxf7+ Kh8 24. Be8 Nxe2+ 25. Kg2 Rxf2+ 26. Kh3 Nf4+ 27.
gxf4 Rf3+ 28. Kg4 Qg2+ 29. Kf5 g6+ 30. Ke6 Re3+ 31. Kf7 Rxe7+ 32. Kxe7 Qe2+ 33.
Kf8 Bc4 34. Re1 Qb2 0-1

[Event "Seniorsko prvenstvo Centralne "]
[Site "Vrnjacka Banja"]
[Date "2008.11.12"]
[Round "7.13"]
[White "Misojcic, Miroslav"]
[Black "Somborski, Nebojsa"]
[Result "1/2-1/2"]
[WhiteElo "2221"]
[BlackElo "2379"]
[PlyCount "55"]
[EventDate "2008.11.08"]

1. d4 d5 2. c4 e6 3. Nf3 c5 4. cxd5 exd5 5. Nc3 Nc6 6. dxc5 d4 7. Na4 Nf6 8. e3
Bxc5 9. Nxc5 Qa5+ 10. Qd2 Qxc5 11. exd4 Qd5 12. Be2 O-O 13. O-O Re8 14. b3 Bg4
15. Bb2 Bh5 16. Rad1 Ne4 17. Qd3 Nb4 18. Qb5 Ng5 19. Qxd5 Nxd5 20. Rfe1 Nf4 21.
Nxg5 Bxe2 22. Rd2 h6 23. g3 hxg5 24. gxf4 Bf3 25. Re3 Rxe3 26. fxe3 gxf4 27.
exf4 Bd5 28. Kf2 1/2-1/2

[Event "Seniorsko prvenstvo Centralne "]
[Site "Vrnjacka Banja"]
[Date "2008.11.12"]
[Round "7.15"]
[White "Tasic, Vladimir"]
[Black "Mitrovic, Darko R"]
[Result "0-1"]
[WhiteElo "2241"]
[BlackElo "2362"]
[PlyCount "74"]
[EventDate "2008.11.08"]

1. f4 d5 2. Nf3 c5 3. e3 Nc6 4. Bb5 Bd7 5. O-O e6 6. b3 f6 7. Bb2 Bd6 8. a3
Nge7 9. Bd3 Qc7 10. c4 O-O-O 11. Nc3 a6 12. Rc1 d4 13. Ne4 dxe3 14. dxe3 Be8
15. Qe2 Bg6 16. Rfd1 Nf5 17. g4 Nfe7 18. Nf2 h5 19. Bxg6 hxg4 20. Bf7 gxf3 21.
Bxe6+ Kb8 22. Qxf3 g5 23. Bxf6 gxf4 24. Bxh8 Rxh8 25. Ne4 Ne5 26. Qe2 f3 27.
Qb2 Nc8 28. Nxd6 Qg7+ 29. Kf1 Nxd6 30. Rxd6 Rh5 31. Rd8+ Ka7 32. Rg8 Qh6 33.
Bg4 Nxg4 34. Rxg4 Rxh2 35. Rc2 Qh3+ 36. Kg1 Rh1+ 37. Kf2 Rf1# 0-1

[Event "Seniorsko prvenstvo Centralne "]
[Site "Vrnjacka Banja"]
[Date "2008.11.12"]
[Round "7.16"]
[White "Lazic, Zeljko"]
[Black "Milosevic, Slavisa"]
[Result "0-1"]
[WhiteElo "2207"]
[BlackElo "2282"]
[PlyCount "110"]
[EventDate "2008.11.08"]

1. e4 c5 2. Nf3 e6 3. c3 Qa5 4. Na3 Nc6 5. Nc4 Qc7 6. d4 cxd4 7. cxd4 d5 8.
exd5 exd5 9. Ne3 Be6 10. Bd3 Bd6 11. Nf5 Bxf5 12. Bxf5 Nge7 13. Bd3 O-O 14. O-O
Ng6 15. g3 Rfe8 16. Kg2 Qb6 17. h4 Nf8 18. Rh1 Rac8 19. a3 a5 20. b3 Rc7 21. h5
Na7 22. Rh4 Nb5 23. Rg4 Nc3 24. Qd2 Ne4 25. Qd1 f5 26. Rh4 Ne6 27. Bb2 Be7 28.
Rh1 Bf6 29. Bf1 Rec8 30. b4 Rc2 31. Rc1 Rxf2+ 32. Kg1 Rxc1 33. Bxc1 Bxd4 34.
Nxd4 Qxd4 35. Qxd4 Nxd4 36. Bg2 Ne2+ 37. Kh2 axb4 38. Be3 N2xg3 39. Bxf2 Nxh1
40. Bxh1 bxa3 41. Bd4 b5 42. Bf3 g5 43. Bd1 Kf7 44. Kg2 Ke6 45. Kf3 Kd6 46. Ke3
b4 47. Kd3 Nc5+ 48. Kc2 g4 49. Kd2 Ne6 50. Ba1 d4 51. Bb3 g3 52. Ke2 d3+ 53.
Kf1 Nc5 54. Bg8 b3 55. Bxh7 b2 0-1

[Event "Seniorsko prvenstvo Centralne "]
[Site "Vrnjacka Banja"]
[Date "2008.11.12"]
[Round "7.17"]
[White "Radosavljevic, Slobodan D"]
[Black "Kolbert, Engelbert"]
[Result "0-1"]
[WhiteElo "2267"]
[BlackElo "2189"]
[PlyCount "86"]
[EventDate "2008.11.08"]

1. Nf3 Nf6 2. c4 g6 3. g3 Bg7 4. Bg2 d6 5. O-O e5 6. Nc3 O-O 7. d3 Re8 8. Rb1
a5 9. a3 c6 10. Bg5 h6 11. Bxf6 Bxf6 12. b4 axb4 13. axb4 Ra3 14. Ne4 Bg7 15.
c5 d5 16. Nd6 Re7 17. e4 Bg4 18. h3 Be6 19. Ra1 Ra6 20. Rxa6 Nxa6 21. Qa4 Qd7
22. Ra1 f5 23. Nh4 Kh7 24. Nxb7 Nxb4 25. Qxb4 Qxb7 26. Qxb7 Rxb7 27. Ra6 Rc7
28. exd5 Bxd5 29. Bxd5 cxd5 30. Rxg6 Rxc5 31. Rd6 e4 32. dxe4 dxe4 33. Kg2 Kg8
34. Rd7 Bf6 35. Ng6 Ra5 36. Nf4 Ra2 37. Nd5 Bg5 38. h4 Bd2 39. Kf1 Kf8 40. Rd6
Ra1+ 41. Ke2 Ba5 42. Rf6+ Kg7 43. Rxf5 Re1# 0-1

[Event "Seniorsko prvenstvo Centralne "]
[Site "Vrnjacka Banja"]
[Date "2008.11.12"]
[Round "7.18"]
[White "Djosic, Slavoljub"]
[Black "Gagic, Miroljub"]
[Result "1-0"]
[WhiteElo "2256"]
[BlackElo "1851"]
[PlyCount "85"]
[EventDate "2008.11.08"]

1. Nf3 c6 2. b3 d5 3. Bb2 Nf6 4. g3 Bg4 5. Bg2 Bxf3 6. exf3 e6 7. O-O Nbd7 8.
f4 Bd6 9. d4 O-O 10. c4 Rc8 11. c5 Bc7 12. Nd2 a5 13. Nf3 Re8 14. Ne5 Nf8 15.
Rc1 N6d7 16. Rc2 Nxe5 17. fxe5 b6 18. Qc1 Bb8 19. f4 g6 20. Rf3 Nd7 21. cxb6
Qxb6 22. Kh1 c5 23. Rfc3 Qb4 24. dxc5 Ba7 25. Ba3 Qb5 26. c6 Nb8 27. Bf1 Qb6
28. Bc5 Qc7 29. Bd6 Qb6 30. Bc5 Qc7 31. Bd6 Qb6 32. Bg2 Na6 33. a3 Nc7 34. Bc5
Qb8 35. Bxa7 Qxa7 36. Rc5 Rb8 37. R2c3 Rb6 38. f5 Kg7 39. f6+ Kh8 40. Qh6 Rg8
41. g4 Rxb3 42. Rxb3 Qxc5 43. Qxh7+ 1-0

[Event "Seniorsko prvenstvo Centralne "]
[Site "Vrnjacka Banja"]
[Date "2008.11.12"]
[Round "7.19"]
[White "Karaklajic, Milutin"]
[Black "Ilic, Dragan B"]
[Result "1-0"]
[WhiteElo "2108"]
[BlackElo "2256"]
[PlyCount "111"]
[EventDate "2008.11.08"]

1. e4 e5 2. Nf3 Nf6 3. Bc4 Nc6 4. Ng5 d5 5. exd5 Na5 6. Bb5+ c6 7. dxc6 bxc6 8.
Be2 h6 9. Nf3 e4 10. Ne5 Qd4 11. Ng4 Nxg4 12. Bxg4 Bc5 13. O-O e3 14. Bxc8
exf2+ 15. Kh1 Rxc8 16. c3 Qh4 17. Qf3 O-O 18. d4 Rfe8 19. g3 Qh3 20. Qxf2 Bd6
21. Qg2 Qh5 22. g4 Qh4 23. Nd2 Re1 24. Kg1 Rce8 25. Nf3 Bxh2+ 26. Kh1 Rxf1+ 27.
Qxf1 Qg3 28. Bd2 Nc4 29. Be1 Qxg4 30. Nxh2 Qe4+ 31. Qf3 Qc2 32. b3 Ne3 33. Bf2
Nd5 34. c4 Re2 35. Rf1 Nf6 36. a4 Rd2 37. Bg1 Rd3 38. Qxc6 Rxb3 39. Qc8+ Kh7
40. Qf5+ Qxf5 41. Rxf5 Rb4 42. Ra5 Rxc4 43. Rxa7 Nd5 44. a5 f5 45. a6 Ra4 46.
Rd7 Nf6 47. Rd6 Ne4 48. Rc6 Ra2 49. Nf1 g5 50. d5 g4 51. Be3 g3 52. a7 g2+ 53.
Kg1 f4 54. Rc7+ Kg6 55. Bxf4 Rf2 56. Nd2 1-0

[Event "Seniorsko prvenstvo Centralne "]
[Site "Vrnjacka Banja"]
[Date "2008.11.12"]
[Round "7.20"]
[White "Jevtic, Miroljub"]
[Black "Irizanin, Radoje"]
[Result "1-0"]
[WhiteElo "2167"]
[BlackElo "2339"]
[PlyCount "153"]
[EventDate "2008.11.08"]

1. d4 d5 2. c4 e6 3. Nc3 c6 4. cxd5 exd5 5. Nf3 Bd6 6. Bg5 Ne7 7. Bxe7 Qxe7 8.
e3 Bf5 9. Bd3 Bxd3 10. Qxd3 Nd7 11. O-O O-O 12. e4 dxe4 13. Nxe4 Nf6 14. Rfe1
Rad8 15. Re2 Bc7 16. Rae1 Nxe4 17. Rxe4 Qd6 18. g3 Bb6 19. Re7 Rd7 20. Rxd7
Qxd7 21. Qe4 g6 22. b3 Rd8 23. Qe7 Qd5 24. Re4 Kg7 25. Ng5 Kg8 26. Rf4 Rd7 27.
Qe8+ Kg7 28. Nxh7 Rd8 29. Qe7 Bxd4 30. Nf6 Qe6 31. Nh5+ gxh5 32. Qxd8 Bf6 33.
Qd1 Bg5 34. Qd4+ Bf6 35. Qd1 Bg5 36. Qd4+ Bf6 37. Qe4 Qxe4 38. Rxe4 c5 39. h3
b5 40. a4 a6 41. axb5 axb5 42. g4 hxg4 43. hxg4 Bd4 44. Kg2 f5 45. gxf5 Kf6 46.
f4 Kxf5 47. Kf3 Bf6 48. Re8 c4 49. Rb8 cxb3 50. Rxb5+ Ke6 51. Rxb3 Ba1 52. Rb6+
Kf5 53. Rb5+ Kf6 54. Ke4 Bc3 55. f5 Ba1 56. Rb6+ Kf7 57. Kf4 Bc3 58. Rb3 Bd4
59. Rd3 Bb2 60. Ke4 Kf6 61. Rb3 Ba1 62. Rb6+ Kf7 63. Kf4 Bc3 64. Kg5 Bd2+ 65.
Kh5 Bc3 66. Rc6 Bd4 67. Rc4 Bb2 68. Kg5 Bf6+ 69. Kf4 Bb2 70. Rc7+ Kf6 71. Rc6+
Kf7 72. Kg5 Bd4 73. f6 Be3+ 74. Kf5 Bh6 75. Rc7+ Kg8 76. Kg6 Bf8 77. Rc8 1-0

[Event "Seniorsko prvenstvo Centralne "]
[Site "Vrnjacka Banja"]
[Date "2008.11.12"]
[Round "7.21"]
[White "Jokic, Miodrag"]
[Black "Pantic, Ivica"]
[Result "0-1"]
[WhiteElo "2148"]
[BlackElo "2208"]
[PlyCount "79"]
[EventDate "2008.11.08"]

1. d4 Nf6 2. c4 e6 3. Nf3 Bb4+ 4. Bd2 c5 5. e3 O-O 6. Bd3 Nc6 7. O-O d5 8. cxd5
exd5 9. a3 Bxd2 10. Nbxd2 c4 11. Bc2 Bg4 12. Qb1 Qe7 13. Re1 Rfe8 14. h3 Bh5
15. Nh2 b5 16. f4 g5 17. fxg5 Ne4 18. Bxe4 dxe4 19. a4 Nb4 20. g4 Nd3 21. Re2
Qxg5 22. axb5 Bg6 23. Nxc4 Rec8 24. Qa2 Nb4 25. Qb3 Qxb5 26. Rc2 Rcb8 27. Rg2
Qg5 28. Ra5 Qh4 29. Qa4 Qe1+ 30. Nf1 Rc8 31. b3 Nd3 32. Qa1 Qh4 33. Ng3 Qxh3
34. Nf5 Qf3 35. d5 Bxf5 36. gxf5+ Kf8 37. Qg7+ Ke7 38. d6+ Kd7 39. Qxf7+ Kc6
40. Qd5+ 0-1

[Event "Seniorsko prvenstvo Centralne "]
[Site "Vrnjacka Banja"]
[Date "2008.11.12"]
[Round "7.22"]
[White "Jelisavcic, Srdjan"]
[Black "Dolovic, Dusko"]
[Result "1/2-1/2"]
[WhiteElo "2117"]
[BlackElo "2199"]
[PlyCount "20"]
[EventDate "2008.11.08"]

1. e4 g6 2. d4 Bg7 3. Nc3 d6 4. Be3 Nf6 5. f3 O-O 6. Qd2 c6 7. O-O-O Qc7 8. Bh6
a6 9. g4 b5 10. Bxg7 Kxg7 1/2-1/2

[Event "Seniorsko prvenstvo Centralne "]
[Site "Vrnjacka Banja"]
[Date "2008.11.12"]
[Round "7.23"]
[White "Matejic, Dragoljub"]
[Black "Vasic, Vladimir"]
[Result "0-1"]
[WhiteElo "1918"]
[BlackElo "2191"]
[PlyCount "104"]
[EventDate "2008.11.08"]

1. e4 e5 2. Nf3 Nc6 3. Bb5 f5 4. d4 fxe4 5. Bxc6 dxc6 6. Nxe5 Nf6 7. O-O Bd6 8.
f4 exf3 9. Nxf3 O-O 10. Bg5 h6 11. Bh4 Qe8 12. Qe1 Ne4 13. Nbd2 Bf5 14. Qe2
Nxd2 15. Qxd2 Qh5 16. Qf2 Be4 17. Bg3 Bxf3 18. gxf3 Rae8 19. Kg2 Qb5 20. c4
Qxc4 21. Rfe1 Rxe1 22. Rxe1 Qf7 23. b3 Re8 24. Rd1 Qe6 25. Rd2 Qe3 26. Rc2
Qxf2+ 27. Bxf2 Kf7 28. Bg3 Ke6 29. Re2+ Kd7 30. Rd2 Re7 31. Bf2 Bf4 32. Rc2 Be3
33. Bg3 Bxd4 34. Rd2 c5 35. b4 Ke8 36. b5 Rd7 37. Re2+ Kf7 38. a4 b6 39. Kf1
Bf6 40. Ke1 g5 41. h3 Be7 42. Re4 Bd6 43. Bf2 Re7 44. Ke2 Bf4 45. Be1 Re6 46.
Bc3 h5 47. Be1 Rxe4+ 48. fxe4 g4 49. hxg4 hxg4 50. Bc3 Ke6 51. Kf2 Be5 52. Be1
c4 0-1

[Event "Seniorsko prvenstvo Centralne "]
[Site "Vrnjacka Banja"]
[Date "2008.11.12"]
[Round "7.24"]
[White "Pavicevic, Jovan"]
[Black "Simic, Milan A"]
[Result "1-0"]
[WhiteElo "2093"]
[BlackElo "2136"]
[PlyCount "70"]
[EventDate "2008.11.08"]

1. e4 c5 2. Nf3 e6 3. d4 cxd4 4. Nxd4 a6 5. c4 Nf6 6. Bd3 Qc7 7. Nc3 Nc6 8.
Nxc6 bxc6 9. Be3 d6 10. O-O Be7 11. Rc1 c5 12. f4 O-O 13. g4 Nd7 14. Qc2 Bf6
15. e5 dxe5 16. Bxh7+ Kh8 17. Rf3 g6 18. Rh3 Kg7 19. g5 Bxg5 20. fxg5 Rh8 21.
Rf1 Nf8 22. Bxg6 Nxg6 23. Rhf3 Rf8 24. Qf2 Bb7 25. Bxc5 e4 26. Bxf8+ Rxf8 27.
Rf6 e3 28. Qxe3 Qxc4 29. Rxg6+ Kxg6 30. Rf4 Qc6 31. Qd3+ Kg7 32. Qd4+ Kg8 33.
Ne4 f5 34. gxf6 Rf7 35. Qd8+ Kh7 1-0

[Event "Seniorsko prvenstvo Centralne "]
[Site "Vrnjacka Banja"]
[Date "2008.11.12"]
[Round "7.30"]
[White "Filipovic, Tomislav S"]
[Black "Adamovic, Strahinja"]
[Result "0-1"]
[WhiteElo "1989"]
[BlackElo "2025"]
[PlyCount "116"]
[EventDate "2008.11.08"]

1. d4 d5 2. Nf3 c6 3. h3 Nf6 4. Bg5 Nbd7 5. e3 Qb6 6. Qc1 Ne4 7. Bf4 e6 8. Bd3
Ndf6 9. O-O Be7 10. c3 O-O 11. Qc2 c5 12. Nbd2 c4 13. Bxe4 Nxe4 14. Nxe4 dxe4
15. Nd2 Qa6 16. Nxe4 b5 17. f3 Qb6 18. Nd2 Bb7 19. a4 a6 20. Rfb1 Rfc8 21. Nf1
b4 22. cxb4 Bxb4 23. Bg3 a5 24. Bf2 f5 25. e4 fxe4 26. fxe4 Qc6 27. Ng3 Rf8 28.
Be3 Bd6 29. e5 Be7 30. Rf1 Bh4 31. Rxf8+ Rxf8 32. Kh2 Qd5 33. Rg1 Bxg3+ 34.
Kxg3 Bc6 35. Kh2 Rb8 36. Qf2 Rb3 37. Rf1 h6 38. Bxh6 Kh7 39. Bc1 Rd3 40. Qh4+
Kg8 41. Qg4 Rxd4 42. Qg5 Re4 43. Bf4 Re2 44. Rg1 Rxb2 45. Qg3 Re2 46. h4 Qe4
47. h5 Qf5 48. Qh4 Re4 49. Kg3 Re2 50. Kh2 c3 51. h6 Qg6 52. Qh3 gxh6 53. Bxh6
Rxe5 54. Bg5 Rxg5 55. g4 Qc2+ 56. Kg3 Qd3+ 57. Kh4 Qxh3+ 58. Kxh3 c2 0-1